Sử thi Ra Glai
Kể về hai cuộc chiến tranh đẫm máu thứ 3. Chúa Cur, Java tức giận sang thôn tính đất nước vua Chăm nhưng bị anh em nhà VongCơi đánh đến tận hang ổ. Chúa Cur, Java phải cho con gái là Awơi Nãi Chrit Raniq sang làm con tin. Nhưng về tới xứ sở Cuvau...
Gespeichert in:
| 1. Verfasser: | |
|---|---|
| Format: | Buch |
| Sprache: | Undetermined |
| Veröffentlicht: |
Hà Nội
Khoa học - Xã hội
2014
|
| Schlagworte: | |
| Tags: |
Tag hinzufügen
Keine Tags, Fügen Sie den ersten Tag hinzu!
|
| Thư viện lưu trữ: | Trung tâm Học liệu Trường Đại học Cần Thơ |
|---|
| LEADER | 01061nam a2200193Ia 4500 | ||
|---|---|---|---|
| 001 | CTU_209812 | ||
| 008 | 210402s9999 xx 000 0 und d | ||
| 082 | |a 895.931032 | ||
| 082 | |b T502/Q.3 | ||
| 100 | |a Vũ, Anh Tuấn | ||
| 245 | 0 | |a Sử thi Ra Glai | |
| 245 | 0 | |c Vũ Anh Tuấn (Chủ biên) ; Vũ Quang Dũng (Biên soạn) | |
| 260 | |a Hà Nội | ||
| 260 | |b Khoa học - Xã hội | ||
| 260 | |c 2014 | ||
| 520 | |a Kể về hai cuộc chiến tranh đẫm máu thứ 3. Chúa Cur, Java tức giận sang thôn tính đất nước vua Chăm nhưng bị anh em nhà VongCơi đánh đến tận hang ổ. Chúa Cur, Java phải cho con gái là Awơi Nãi Chrit Raniq sang làm con tin. Nhưng về tới xứ sở Cuvau VongCơi nàng lại yêu chàng và muốn cưới làm chồng... | ||
| 650 | |a Văn học sử thi Việt Nam,Epic literature, Vietnamese | ||
| 904 | |i Trương Thủy Ly,Hải | ||
| 980 | |a Trung tâm Học liệu Trường Đại học Cần Thơ | ||